| 000 | 00602npc a2200205Ia 4500 | ||
|---|---|---|---|
| 001 | dg86-38888 | ||
| 003 | IT-MiCISF | ||
| 008 | 161014s9999||||xx | und|| | ||
| 040 |
_aIT-MiCISF _cIT-MiCISF |
||
| 041 | _ait | ||
| 100 | _aAA.VV. | ||
| 245 | 0 | _aProgetto gemma. Adotta una mamma, salvi il suo bambino | |
| 250 | _a1a ed. | ||
| 260 |
_a Fondazione Vita Nova _bMovimento per la vita _c2003 |
||
| 300 | _app. 15 | ||
| 500 | _aMovimento per la vita - Fondazione Vita Nova / aborto, prevenzione, sostegno-a-distanza / | ||
| 650 | _aaborto | ||
| 942 | _cDD | ||
| 957 | _71 | ||
| 999 |
_a38888 _bsi _g1 _c207099 _d207099 |
||